000 00601nam a2200253Ia 4500
005 20260121153833.0
008 008 260114s9999 xx 000 0 eng d
020 _a9781315274126
037 _aEBOOK
040 _aCRL
040 _beng
040 _cCRL
041 _2eng
041 _aeng
084 _qCRL
100 _aMohamed N. Rahaman
_9999736
245 0 _aCeramic Processing and Sintering
260 _bTaylor and Francis
260 _c2003
856 _uhttp://www.taylorfrancis.com/books/9781315274126
942 _cEBOOK
999 _c1566557
_d1566557